000
00211 a2200085 4500
020
_a
978-3037785003
100
_a
Richard Plunz
245
_a
City Riffs: Urbanism
260
_b
Lars Muller Publishers
_c
2017
999
_c
13106
_d
13106